El amor : (Record no. 112961)

MARC details
000 -CABECERA
campo de control de longitud fija 00753nam a2200229 a 4500
005 - FECHA Y HORA DE LA ÚLTIMA TRANSACCIÓN
campo de control 20230624064058.0
008 - ELEMENTOS DE LONGITUD FIJA--INFORMACIÓN GENERAL
campo de control de longitud fija 051025s2001 mx r 000 0 spa d
020 ## - NÚMERO INTERNACIONAL NORMALIZADO PARA LIBROS
Número Internacional Estándar del Libro 8484504395
035 ## - NÚMERO DE CONTROL DEL SISTEMA
Número de control de sistema UPN01000140813
049 ## - COLECCIÓN
Colección CG
050 #4 - SIGNATURA TOPOGRÁFICA DE LA BIBLIOTECA DEL CONGRESO
Número de clasificación BF575 L8
Número de documento/Ítem B3.2
100 1# - ASIENTO PRINCIPAL--NOMBRE PERSONAL
Nombre de persona Bacharan, Nichole
245 13 - MENCIÓN DE TÍTULO
Título El amor :
Resto del título explicado a nuestros hijos /
Mención de responsabilidad, etc. Nichole Bacharan, Dominique Simonnet ; tr. de Esther Andrés Gromaches.
260 ## - PUBLICACIÓN, DISTRIBUCIÓN, ETC.
Lugar de publicación, distribución, etc. Barcelona, Esp. :
Nombre del editor, distribuidor, etc. Plaza & Janés,
Fecha de publicación, distribución, etc. 2001.
300 ## - DESCRIPCIÓN FÍSICA
Extensión 109 p.
440 #0 - MENCIÓN DE SERIE/ASIENTO SECUNDARIO--TÍTULO
Título Debolsillo
534 ## - NOTA SOBRE LA VERSIÓN ORIGINAL
Frase introductoria Título original:
Mención de título del original Lamour expliqué à nos enfants
650 #2 - ASIENTO SECUNDARIO DE MATERIA - TERMINO TEMATICO
Término de materia o nombre geográfico como elemento de entrada Amor
Subdivisión general Aspectos psicológicos
9 (RLIN) 4322
650 #4 - ASIENTO SECUNDARIO DE MATERIA - TERMINO TEMATICO
Término de materia o nombre geográfico como elemento de entrada Relaciones interpersonales
9 (RLIN) 1551
700 1# - ASIENTO SECUNDARIO--NOMBRE DE PERSONAL
Nombre de persona Simonnet, Dominique,
Término indicativo de función/relación coaut.
905 ## - TIPO DE MATERIAL
Tipo de material Libro
Holdings
Estado de retiro Estado de pérdida Fuente del sistema de clasificación o colocación Estado dañado No para préstamo Código de colección Localización permanente Ubicación/localización actual Ubicación en estantería Total de préstamos Clasificación Código de barras Fecha visto por última vez Número de copia Tipo de ítem Koha
    Library of Congress Classification     Colección General Bib. Gregorio Torres Quintero Bib. Gregorio Torres Quintero Planta baja 5 BF575 L8 B3.2 233096 31/12/2020 1 Libro